RAST IZOLOVANÝCH EMBRYÍ ZEA MAYS V MÉDIÁCH SO STÚPAJÚCOU KONCENTRÁCIOU SACHARÓZY

Bibliographic Details
Main Author: Kobetičová, Dana (Author)
Format: Article
Language:Slovak

MARC

LEADER 00000nab a2200000uu 4500
001 vtls011442280
003 SK-MaSNL
005 20260303123321.0
008 230213|1971 xo |||||||||||||||||slo|
015 |a SNBRB 
035 |a (urnnbn)urn:nbn:sk:snk:ar-0031zr 
035 |a (uuid)f4d0dd8d-2f34-4c9d-bcab-c4c5cee84ab9 
035 |a urn:nbn:sk:snk-abcgbz 
040 |a SNKBUCL  |b slo  |c SNKBUCL  |e AACR2 
041 0 |a slo 
044 |a xo  |c SK 
100 1 |a Kobetičová, Dana  |4 aut  |9 1139002 
245 1 0 |a RAST IZOLOVANÝCH EMBRYÍ ZEA MAYS V MÉDIÁCH SO STÚPAJÚCOU KONCENTRÁCIOU SACHARÓZY  |c Dana Kobetičová 
773 0 |t Biológia : časopis Slovenskej akadémie vied  |g Roč. 26, č. 4 (1971), s. 341-348 
954 |a odborná, vedecká literatúra pôvodná (slovenská)  |2 lita 
958 |a OND 
958 |a EUIPO 
958 |a article16 
999 |c 1925144  |d 1927074